Every Version of the NATO Phonetic Alphabet - Statistics

General Stats
  • This quiz has been taken 52 times
  • The average score is 30 of 118
Answer Stats
Hint Answer % Correct
A Alfa
98%
B Bravo
94%
C Charlie
94%
D Delta
91%
F Fox
85%
H Hotel
85%
F Foxtrot
83%
Z Zulu
83%
I India
81%
X Xray
81%
X X-ray
81%
E Echo
79%
L Lima
79%
T Tango
79%
Y Yankee
74%
J Juliett
72%
K Kilo
72%
O Oscar
72%
Q Quebec
72%
Q Québec
72%
R Rome
72%
V Victor
72%
G Golf
70%
M Mike
70%
R Romeo
68%
S Sierra
68%
U Uniform
66%
N November
64%
P Papa
64%
W Whiskey
62%
B Beta
36%
G George
23%
Q Queen
21%
Z Zebra
21%
F France
19%
I Italy
19%
K King
19%
A Able
17%
B Baker
17%
N New York
17%
P Paris
15%
D Dog
13%
J Japan
13%
L Love
13%
M Madrid
13%
O Oslo
13%
W Washington
13%
C Canada
11%
D Denmark
11%
E Easy
11%
X eXtra
11%
F Florida
11%
G Gold
11%
P Peter
11%
V Victoria
11%
W William
11%
A Amsterdam
9%
A Argentine
9%
G Greece
9%
H How
9%
S Santiago
9%
Y Yoke
9%
I Item
6%
J Jig
6%
L Liverpool
6%
M Madagascar
6%
N Nan
6%
O Oboe
6%
P Polka
6%
P Portugal
6%
R Roger
6%
R Roma
6%
T Tare
6%
U Uncle
6%
U Union
6%
U Uruguay
6%
Z Zanzibar
6%
B Baltimore
4%
B Brussels
4%
C Casablanca
4%
E Ecuador
4%
E Edison
4%
G Gallipoli
4%
H Hanover
4%
H Havana
4%
I Italia
4%
J Jerusalem
4%
J Jérusalem
4%
K Kilogramme
4%
N Nectar
4%
O Ontario
4%
S Sugar
4%
T Tokio
4%
T Tripoli
4%
U Upsala
4%
V Valencia
4%
X Xanthippe
4%
X Xantippe
4%
Y Yankey
4%
Y Yokohama
4%
Z Zürich
4%
C Coca
2%
D Damascus
2%
D Danemark
2%
E Eddystone
2%
F Francisco
2%
G Gibraltar
2%
J Julietta
2%
K Khartoum
2%
K Kimberley
2%
M Metro
2%
N Nancy
2%
N Neufchatel
2%
O Ostend
2%
S Sardinia
2%
X Xaintrie
2%
Z Zululand
2%
R Rivoli
0%
No matching quizzes found
Score Distribution
Percent of People with Each Score
Percentile by Number Answered
Your Score History
You have not taken this quiz